| 000 | 00381nam a2200169Ia 4500 | ||
|---|---|---|---|
| 008 | 230524s9999 xx 000 0 und d | ||
| 082 |
_a4 _bRAJ |
||
| 100 | _aR.Rajaram | ||
| 245 | 0 | _aProblem Solving Using C | |
| 250 | _a1ST | ||
| 260 |
_aCHENNAI _bScitech _c2001 |
||
| 300 | _a127 | ||
| 500 | _aQuantity Number: 2 | ||
| 650 | _aComp-Sc | ||
| 700 | _a P.Chitra | ||
| 942 | _cBK | ||
| 999 |
_c21357 _d21357 |
||